000 00658nam a2200229Ia 4500
003 OSt
005 20220928120757.0
006 a|||||r|||| 00| 0
007 ta
008 220927b |||||||| |||| 00| 0 eng d
024 _a25032
037 _cTextual
040 _aSDCL
_cSDCL
_beng
041 _2eng
_aeng
082 _aQ2x, N0
100 _aHiltebeitel Alf Ed.
_9451077
245 0 _aCriminal gods and demon devotees
_b Essays on the guardians of popular hinduism.
260 _aDelhi
_bManohar Publication
_c1990
300 _axii,491p.
_ccm.
942 _hQ2x, N0
_cTEXL
_2CC
999 _c765197
_d765197